[Event "Chigorin Memorial"]
[Site "St. Petersburg"]
[Date "2004.10.22"]
[Round "7.12"]
[White "Alekseev, Evgeny"]
[Black "Yandemirov, Valeri"]
[Result "1-0"]
[WhiteElo "2604"]
[BlackElo "2488"]
[PlyCount "131"]
[EventDate "2004.10.15"]
[Source "Roberto Alvarez"]
[SourceDate "2004.11.08"]

1. e4 e5 2. Nf3 Nc6 3. Bb5 a6 4. Ba4 d6 5. O-O Bg4 6. h3 h5 7. Bxc6+ bxc6 8. d4 Bxf3 9. Qxf3 exd4 10. e5 Ne7 11. Re1 Qd7 12. exd6 cxd6 13. Nd2 Rh6 14. Nc4 Re6 15. Bg5 Rb8 16. Bd2 g6 17. c3 Bg7 18. cxd4 Bxd4 19. Qf4 c5 20. Rxe6 Qxe6 21. Nxd6+ Kd7 22. Nc4 Nc6 23. Rc1 Qf6 24. Qg3 h4 25. Qg4+ Ke8 26. Bf4 Rd8 27. Kh1 Qe7 28. Bd2 Ne5 29. Nxe5 Bxe5 30. Bg5 Bf6 31. Qa4+ Kf8 32. Qxh4 Kg7 33. Bxf6+ Qxf6 34. Qxf6+ Kxf6 35. Rxc5 Rd2 36. Kg1 Rxb2 37. Rc6+ Kf5 38. Rxa6 Rc2 39. g3 g5 40. g4+ Ke5 41. Kg2 f6 42. Ra3 Ke6 43. Re3+ Kf7 44. a3 Ra2 45. Kg3 Kg6 46. f4 gxf4+ 47. Kxf4 Rf2+ 48. Ke4 Kg5 49. Kd5 Rc2 50. Kd4 Rc1 51. Rc3 Ra1 52. Kc4 f5 53. gxf5 Kxf5 54. Kb4 Ke6 55. a4 Kd7 56. Kb5 Rb1+ 57. Ka6 Rb4 58. a5 Kd6 59. Ka7 Kd7 60. a6 Kd6 61. Rg3 Rh4 62. Kb6 Rb4+ 63. Ka5 Rb1 64. Rc3 Ra1+ 65. Kb5 Rb1+ 66. Ka4 1-0

[Event "Reno 83/322"]
[Site "?"]
[Date "2001.??.??"]
[Round "?"]
[White "Ivanov, Alexa"]
[Black "Ziatdinov, R."]
[Result "1-0"]
[WhiteElo "2578"]
[BlackElo "2504"]
[PlyCount "49"]
[EventDate "2001.??.??"]
[Source "Chess Informant"]
[SourceDate "2001.10.01"]

1. e4 e5 2. Nf3 Nc6 3. Bb5 a6 4. Ba4 d6 5. O-O Bd7 6. d4 b5 7. Bb3 Nxd4 8. Nxd4 exd4 9. c3 dxc3 10. Qh5 Qf6 11. Nxc3 g6 12. Qe2 Bg7 13. Nd5 Qd8 14. Qf3 Be6 15. Bg5 Qb8 16. e5 Ra7 17. exd6 cxd6 18. Rae1 Be5 19. Rxe5 dxe5 20. Nf6+ Kf8 21. Bxe6 Kg7 22. Nxg8 fxe6 23. Qf6+ Kxg8 24. Rd1 Qf8 25. Rd8 1-0

[Event "Vlissingen HZ op"]
[Site "Vlissingen"]
[Date "1998.??.??"]
[Round "7"]
[White "Glek, Igor V"]
[Black "Safin, Shukhrat"]
[Result "0-1"]
[WhiteElo "2565"]
[BlackElo "2510"]
[PlyCount "100"]
[EventDate "1998.07.??"]
[Source "www.chesslib.no"]
[SourceDate "2004.05.04"]

1. e4 e5 2. Nf3 Nc6 3. Bb5 a6 4. Ba4 d6 5. O-O Nge7 6. d4 exd4 7. Nxd4 b5 8. Nxc6 Nxc6 9. Bb3 Na5 10. Nc3 Be7 11. f4 Nxb3 12. axb3 Bb7 13. f5 O-O 14. Rf3 Bf6 15. Rh3 g6 16. Bh6 Re8 17. Qf3 Re5 18. Qf4 b4 19. fxg6 hxg6 20. Rf1 bxc3 21. bxc3 Bxe4 22. Qxf6 Qxf6 23. Rxf6 Bxc2 24. Be3 Bf5 25. g4 Kg7 26. Rxf5 gxf5 27. Bd4 fxg4 28. Rg3 f5 29. h3 Kf6 30. hxg4 Rg8 31. Kf2 Rxg4 32. Rh3 Rf4+ 33. Kg2 Rxd4 34. cxd4 Re4 35. Rc3 Rxd4 36. Rxc7 Rb4 37. Rc6 Ke5 38. Rxa6 Rxb3 39. Kf2 d5 40. Ra8 d4 41. Re8+ Kf4 42. Rd8 Rb2+ 43. Ke1 Ke3 44. Re8+ Kd3 45. Rf8 f4 46. Rf7 Re2+ 47. Kf1 Re8 48. Rxf4 Kc3 49. Rf7 d3 50. Rc7+ Kd2 0-1

[Event "Penta Media GM"]
[Site "Kelamabakkam"]
[Date "2000.08.26"]
[Round "12"]
[White "Kunte, Abhijit"]
[Black "Iuldachev, Saidali"]
[Result "0-1"]
[WhiteElo "2556"]
[BlackElo "2515"]
[PlyCount "119"]
[EventDate "2000.08.14"]
[Source "ChessBase"]
[SourceDate "2000.11.21"]

1. e4 e5 2. Nf3 Nc6 3. Bb5 a6 4. Ba4 d6 5. O-O Nge7 6. c3 Ng6 7. d4 Bd7 8. d5 Nb8 9. c4 Be7 10. Be3 O-O 11. Nc3 f5 12. exf5 Bxf5 13. Nd2 Bg5 14. Nde4 Bxe3 15. fxe3 Qh4 16. Ng3 Bg4 17. Rxf8+ Nxf8 18. Qb3 b6 19. Nce4 Nbd7 20. Rf1 Rd8 21. Qc2 Nc5 22. Qf2 Qe7 23. Bc2 Ng6 24. Nxc5 bxc5 25. h3 Bc8 26. Bxg6 hxg6 27. e4 Bd7 28. Ne2 Rb8 29. b3 a5 30. Qg3 Kh7 31. a4 c6 32. Qc3 Qh4 33. g4 Kg8 34. Kg2 Rb4 35. Rf3 Qg5 36. Ng3 Be8 37. Qd3 Qe7 38. Qd1 Kh7 39. Rd3 Qb7 40. Qf3 Qe7 41. Qd1 Qb7 42. Kg1 cxd5 43. exd5 Bxa4 44. Ne4 Rxb3 45. Nxd6 Qb8 46. Rxb3 Bxb3 47. Qb1 Qxd6 48. Qxb3 e4 49. Qe3 a4 50. Kg2 Qe5 51. Qe1 Qf6 52. Qd1 a3 53. d6 a2 54. d7 a1=Q 55. Qxa1 Qxa1 56. d8=Q Qb2+ 57. Kg3 Qc3+ 58. Kh2 Qe1 59. h4 e3 60. h5 0-1

[Event "Wijk aan Zee (open)"]
[Site "?"]
[Date "1995.??.??"]
[Round "?"]
[White "van der Wiel, J."]
[Black "Winants, L."]
[Result "1/2-1/2"]
[WhiteElo "2570"]
[BlackElo "2500"]
[PlyCount "49"]
[EventDate "1995.??.??"]
[Source "ChessBase"]
[SourceDate "1994.10.01"]

1. e4 e5 2. Nf3 Nc6 3. Bb5 a6 4. Ba4 d6 5. O-O Bg4 6. h3 h5 7. d4 b5 8. Bb3 Nxd4 9. hxg4 hxg4 10. Ng5 Nh6 11. g3 Be7 12. f4 c6 13. Be3 Nxb3 14. cxb3 d5 15. Qc1 Rc8 16. fxe5 d4 17. Bf4 c5 18. a4 Qb6 19. axb5 axb5 20. Na3 Qc6 21. Qd2 f6 22. exf6 gxf6 23. Qa5 fxg5 24. Be5 Rh7 25. Qxb5 1/2-1/2

[Event "Aeroflot Open"]
[Site "Moscow RUS"]
[Date "2008.02.21"]
[Round "8"]
[White "Parligras, M."]
[Black "Safarli, E."]
[Result "0-1"]
[WhiteElo "2574"]
[BlackElo "2496"]
[PlyCount "106"]
[EventDate "2008.02.14"]
[Source "www.chesslib.no"]
[SourceDate "2004.05.04"]

1. e4 e5 2. Nf3 Nc6 3. Bb5 a6 4. Ba4 d6 5. O-O Bd7 6. d4 exd4 7. Nxd4 b5 8. Nxc6 Bxc6 9. Bb3 Nf6 10. c4 Be7 11. Nc3 O-O 12. Re1 Re8 13. Bf4 b4 14. Nd5 Nxd5 15. cxd5 Bb5 16. a4 bxa3 17. bxa3 Bf6 18. Rb1 Bc3 19. Bd2 Bd4 20. Be3 Bc3 21. Bd2 Bd4 22. a4 Bd3 23. Bc2 Bxc2 24. Qxc2 Qh4 25. g3 Qg4 26. Kg2 h5 27. Rb7 Qg6 28. Rxc7 h4 29. Bc3 Bc5 30. Qd3 Rab8 31. Bd4 Bxd4 32. Qxd4 Qh5 33. h3 hxg3 34. fxg3 Re5 35. Rf1 Rf8 36. Qd3 Qg6 37. Rf4 f6 38. Qc4 Rg5 39. g4 Qe8 40. Qxa6 Qe5 41. Kg3 Qd4 42. Qa7 Qd3+ 43. Kg2 Re8 44. Re7 Rc8 45. Rc7 Qe2+ 46. Kg3 Rxc7 47. Qxc7 Qe3+ 48. Rf3 Qg1+ 49. Kh4 Qe1+ 50. Rg3 Qxe4 51. Rc3 Qf4 52. Qb8+ Kh7 53. Qb1+ Kh6 0-1

[Event "VII Parsvnath Open"]
[Site "Nuova Delhi IND"]
[Date "2009.01.19"]
[Round "10"]
[White "Ganguly, S."]
[Black "Karthikeyan, P."]
[Result "1/2-1/2"]
[WhiteElo "2614"]
[BlackElo "2450"]
[PlyCount "30"]
[EventDate "2009.01.11"]
[Source "www.chesslib.no"]
[SourceDate "2004.05.04"]

1. e4 e5 2. Nf3 Nc6 3. Bb5 a6 4. Ba4 d6 5. O-O Bd7 6. d4 exd4 7. Nxd4 b5 8. Nxc6 Bxc6 9. Bb3 Nf6 10. Re1 Be7 11. c4 O-O 12. Nc3 Re8 13. Qf3 b4 14. Nd5 a5 15. Bf4 Nd7 1/2-1/2

[Event "Harmonie Open A"]
[Site "Groningen NED"]
[Date "2007.12.27"]
[Round "6"]
[White "Hoffmann, Mi1"]
[Black "Halkias, S."]
[Result "1-0"]
[WhiteElo "2471"]
[BlackElo "2590"]
[PlyCount "123"]
[EventDate "2007.12.21"]
[Source "www.chesslib.no"]
[SourceDate "2004.05.04"]

1. e4 e5 2. Nf3 Nc6 3. Bb5 a6 4. Ba4 d6 5. O-O Bd7 6. d4 exd4 7. Nxd4 b5 8. Nxc6 Bxc6 9. Bb3 Nf6 10. Nc3 Be7 11. Nd5 O-O 12. f3 Re8 13. Be3 a5 14. a3 Rb8 15. c3 Qd7 16. Rf2 Bd8 17. Nxf6+ Bxf6 18. Bd4 Bh4 19. Re2 Qe7 20. Bf2 Bxf2+ 21. Rxf2 Qe5 22. Qd4 Re7 23. Rd2 Kf8 24. Qa7 Ra8 25. Qf2 Rd8 26. Qa7 a4 27. Ba2 Ra8 28. Qf2 Qc5 29. Qxc5 dxc5 30. Rad1 c4 31. Rd8+ Re8 32. Rxa8 Rxa8 33. Kf2 Ke7 34. Bb1 f6 35. h4 h5 36. Bc2 Rg8 37. g3 Rf8 38. Ke3 Bb7 39. Kd4 Kd6 40. Ke3+ Ke7 41. Rd2 c6 42. f4 g6 43. e5 fxe5 44. fxe5 Ke6 45. Bxg6 Kxe5 46. Bxh5 c5 47. Be2 Bd5 48. Rc2 Rb8 49. h5 Rg8 50. g4 Be6 51. Bf3 Ra8 52. Rh2 Rd8 53. Rd2 Rf8 54. h6 Kf6 55. Rd6 Kf7 56. g5 Rh8 57. Be4 Ke7 58. Rc6 b4 59. Rxc5 bxa3 60. bxa3 Kd6 61. Ra5 Bd7 62. h7 1-0

[Event "56th ch-RUS"]
[Site "Krasnoyarsk"]
[Date "2003.09.03"]
[Round "1"]
[White "Popov, Valerij"]
[Black "Yandemirov, Valeri"]
[Result "1-0"]
[WhiteElo "2573"]
[BlackElo "2478"]
[PlyCount "67"]
[EventDate "2003.09.03"]
[Source "Roberto Alvarez"]
[SourceDate "2003.09.15"]

1. e4 e5 2. Nf3 Nc6 3. Bb5 a6 4. Ba4 d6 5. O-O Bg4 6. h3 h5 7. d4 b5 8. Bb3 Nxd4 9. hxg4 Nxb3 10. axb3 hxg4 11. Ng5 Qd7 12. c4 Rb8 13. Rxa6 f6 14. Nc3 bxc4 15. Nd5 fxg5 16. Ra7 Rc8 17. Bxg5 Ne7 18. Nb6 Qc6 19. Nxc8 Nxc8 20. Qxg4 Qd7 21. Qxd7+ Kxd7 22. Rb7 Be7 23. Bxe7 Nxe7 24. bxc4 Nc6 25. f4 Ra8 26. fxe5 Nxe5 27. Rb3 Ra2 28. Rc1 Kc6 29. Kf2 Kc5 30. Ke3 c6 31. Rb7 Ra4 32. Rc3 Nxc4+ 33. Kd3 d5 34. b3 1-0

[Event "Camp. europeo a squadre 2007"]
[Site "Creta GRE"]
[Date "2007.11.06"]
[Round "9"]
[White "Kulaots, Kaido"]
[Black "Winants, Luc"]
[Result "1/2-1/2"]
[WhiteElo "2547"]
[BlackElo "2504"]
[PlyCount "29"]
[EventDate "2007.10.28"]
[Source "www.chesslib.no"]
[SourceDate "2004.05.04"]

1. e4 e5 2. Nf3 Nc6 3. Bb5 a6 4. Ba4 d6 5. O-O Bd7 6. a3 g6 7. d4 Bg7 8. Re1 b5 9. Bb3 Nf6 10. Be3 O-O 11. dxe5 Nxe5 12. Nxe5 dxe5 13. Bc5 Re8 14. Nd2 Bf8 15. Bxf8 1/2-1/2

[Event "Master Open"]
[Site "Voronezh"]
[Date "2003.06.16"]
[Round "4"]
[White "Popov, Valerij"]
[Black "Yandemirov, Valeri"]
[Result "0-1"]
[WhiteElo "2570"]
[BlackElo "2475"]
[PlyCount "50"]
[EventDate "2003.06.12"]
[Source "Roberto Alvarez"]
[SourceDate "2003.07.07"]

1. e4 e5 2. Nf3 Nc6 3. Bb5 a6 4. Ba4 d6 5. O-O Bg4 6. h3 h5 7. d4 b5 8. Bb3 Nxd4 9. hxg4 Nxb3 10. axb3 hxg4 11. Ng5 Qd7 12. c4 Rb8 13. Rxa6 f6 14. Nc3 fxg5 15. Nxb5 Be7 16. Ra7 Bd8 17. Bxg5 Nf6 18. f3 g3 19. Qe1 Nh5 20. Bxd8 Qxd8 21. Nxc7+ Kf7 22. Qa5 Kg6 23. Rd1 Qh4 24. Nb5 Nf4 25. Rxg7+ Kh5 0-1

[Event "Chigorin Memorial"]
[Site "St. Petersburg"]
[Date "2004.10.20"]
[Round "5.12"]
[White "Yevseev, Denis"]
[Black "Yandemirov, Valeri"]
[Result "1/2-1/2"]
[WhiteElo "2554"]
[BlackElo "2488"]
[PlyCount "55"]
[EventDate "2004.10.15"]
[Source "Roberto Alvarez"]
[SourceDate "2004.11.08"]

1. e4 e5 2. Nf3 Nc6 3. Bb5 a6 4. Ba4 d6 5. O-O Bg4 6. h3 h5 7. Bxc6+ bxc6 8. d4 Bxf3 9. Qxf3 exd4 10. c3 Qf6 11. cxd4 Qxf3 12. gxf3 g6 13. Be3 Rb8 14. Nd2 Rxb2 15. Rfb1 Rb5 16. a4 Rxb1+ 17. Rxb1 Kd7 18. Nc4 Bg7 19. Rb7 Kc8 20. Ra7 Kb8 21. Rxa6 Kb7 22. Ra5 Ne7 23. Kf1 Ra8 24. Rxa8 Kxa8 25. Ke2 Kb7 26. Kd3 Nc8 27. Bg5 Nb6 28. Na5+ 1/2-1/2

[Event "Sarajevo"]
[Site "?"]
[Date "1980.03.17"]
[Round "2"]
[White "Kurajica Bojan"]
[Black "Ivkov Borislav"]
[Result "1/2-1/2"]
[WhiteElo "2505"]
[BlackElo "2530"]
[PlyCount "30"]
[EventDate "1980.??.??"]
[Source "www.chesslib.no"]
[SourceDate "2004.05.04"]

1. e4 e5 2. Nf3 Nc6 3. Bb5 a6 4. Ba4 d6 5. O-O Bd7 6. Re1 Nf6 7. c3 Be7 8. d3 h6 9. Nbd2 Nh7 10. h3 Ng5 11. Nf1 Nxf3+ 12. Qxf3 Bg5 13. Bb3 Qf6 14. Qxf6 Bxf6 15. Ne3 Bg5 1/2-1/2

[Event "Harmonie Open A"]
[Site "Groningen NED"]
[Date "2007.12.22"]
[Round "2"]
[White "Spoelman, W."]
[Black "Halkias, S."]
[Result "1/2-1/2"]
[WhiteElo "2445"]
[BlackElo "2590"]
[PlyCount "75"]
[EventDate "2007.12.21"]
[Source "www.chesslib.no"]
[SourceDate "2004.05.04"]

1. e4 e5 2. Nf3 Nc6 3. Bb5 a6 4. Ba4 d6 5. O-O Bd7 6. d4 b5 7. Bb3 Nxd4 8. Nxd4 exd4 9. c3 d3 10. Qxd3 Nf6 11. Bg5 Be7 12. Nd2 O-O 13. f4 Bc6 14. Bc2 g6 15. Rae1 Ng4 16. Bxe7 Qxe7 17. Nf3 Rae8 18. a4 Nf6 19. e5 dxe5 20. Rxe5 Qd7 21. Qxd7 Bxd7 22. axb5 axb5 23. Rd1 Bg4 24. Rxb5 Nh5 25. Rd4 Bxf3 26. gxf3 Re1+ 27. Kf2 Rh1 28. Kg2 Rc1 29. Bd3 Re8 30. Rc5 Re7 31. b4 Ra1 32. Ra5 Rc1 33. Rc5 Ra1 34. Bc4 Rc1 35. Re4 Rd7 36. Kf2 Kg7 37. Rd4 Rc2+ 38. Be2 1/2-1/2

[Event "Sankt_Peterburg (open) 72/320"]
[Site "?"]
[Date "1998.??.??"]
[Round "?"]
[White "Yemelin, Vasily"]
[Black "Yandemirov, Valeri"]
[Result "1-0"]
[WhiteElo "2485"]
[BlackElo "2545"]
[PlyCount "51"]
[EventDate "1998.??.??"]
[Source "ChessBase"]
[SourceDate "1998.02.01"]

1. e4 e5 2. Nf3 Nc6 3. Bb5 a6 4. Ba4 d6 5. O-O Bg4 6. h3 h5 7. Bxc6+ bxc6 8. d4 Qf6 9. Nbd2 Ne7 10. Re1 Bd7 11. Nb3 Qg6 12. dxe5 Bxh3 13. Ng5 Bg4 14. f3 f6 15. exd6 cxd6 16. Qxd6 Rd8 17. Qh2 fxg5 18. fxg4 Rh6 19. Qe5 hxg4 20. Rf1 Rh5 21. Be3 Qh6 22. Bc5 Rh1+ 23. Kf2 Rh2 24. Ke3 g6 25. Rxf8+ Qxf8 26. Rf1 1-0

[Event "EU-ch U20"]
[Site "Aviles"]
[Date "2000.08.26"]
[Round "10"]
[White "Antoniewski, Rafal"]
[Black "Moiseenko, Alexander"]
[Result "1-0"]
[WhiteElo "2446"]
[BlackElo "2582"]
[PlyCount "127"]
[EventDate "2000.08.18"]
[Source "ChessBase"]
[SourceDate "2000.09.14"]

1. e4 e5 2. Nf3 Nc6 3. Bb5 a6 4. Ba4 d6 5. O-O Bd7 6. d4 Nxd4 7. Bxd7+ Qxd7 8. Nxd4 exd4 9. Qxd4 Ne7 10. Nc3 Nc6 11. Qd3 Be7 12. Nd5 O-O 13. Bd2 Rae8 14. Bc3 Bd8 15. Rae1 Ne5 16. Bxe5 Rxe5 17. f4 Ree8 18. c3 c6 19. Nb4 Bb6+ 20. Kh1 Qe7 21. Nc2 Rd8 22. Re2 Rfe8 23. Rfe1 Qf6 24. Qg3 Re6 25. Qf3 Rde8 26. Nb4 Qh4 27. g3 Qh3 28. Nd3 f5 29. exf5 Qxf5 30. Rxe6 Rxe6 31. Rxe6 Qxe6 32. a3 Qe3 33. Qxe3 Bxe3 34. Kg2 Kf7 35. Kf3 Bb6 36. c4 Ke6 37. Ke4 g6 38. g4 d5+ 39. cxd5+ cxd5+ 40. Kf3 Bd4 41. a4 Kf6 42. b3 Ke6 43. h3 Kf6 44. Nc1 Bb2 45. Ne2 Ke6 46. Ke3 Kd6 47. Kd3 Kc5 48. Ng1 b5 49. axb5 axb5 50. Nf3 Bf6 51. h4 Kb4 52. g5 Be7 53. Nd4 Bd6 54. f5 gxf5 55. h5 f4 56. h6 Kc5 57. b4+ Kb6 58. Nf5 Be5 59. Ne7 f3 60. Ke3 Kc7 61. g6 hxg6 62. Nxg6 Bf6 63. Kxf3 d4 64. Ke4 1-0

[Event "Skanska Open"]
[Site "Pardubice"]
[Date "2004.07.29"]
[Round "7"]
[White "Hracek, Zbynek"]
[Black "Khamatgaleev, Alexej"]
[Result "1-0"]
[WhiteElo "2579"]
[BlackElo "2441"]
[PlyCount "109"]
[EventDate "2004.07.23"]
[Source "Roberto Alvarez"]
[SourceDate "2004.08.10"]

1. e4 e5 2. Nf3 Nc6 3. Bb5 a6 4. Ba4 d6 5. O-O Bd7 6. d4 Nxd4 7. Bxd7+ Qxd7 8. Nxd4 exd4 9. Qxd4 Ne7 10. b3 Nc6 11. Qd3 Be7 12. Bb2 O-O 13. Qg3 g6 14. Nc3 Bf6 15. Rad1 Rae8 16. f4 Qe6 17. e5 dxe5 18. f5 Qe7 19. Nd5 Qc5+ 20. Qf2 Qxf2+ 21. Rxf2 Be7 22. Nxe7+ Nxe7 23. fxg6 Nxg6 24. Ba3 Rd8 25. Rdf1 Rfe8 26. Rxf7 Nf4 27. Rxc7 Rd2 28. g3 Nh3+ 29. Kh1 Nf2+ 30. Kg2 Ng4+ 31. Kh3 Nf2+ 32. Kh4 e4 33. Bc1 Re2 34. Be3 Rxe3 35. Rxf2 Rf3 36. Re2 e3 37. Kh3 Rf2 38. Rxf2 exf2 39. Kg2 Re2 40. Kf1 Rd2 41. a4 b5 42. axb5 axb5 43. b4 h6 44. h4 Kh8 45. c3 Rc2 46. g4 Kg8 47. Rc5 Kg7 48. Rxb5 Rxc3 49. Kxf2 Rb3 50. Rb6 h5 51. gxh5 Rh3 52. Rg6+ Kh7 53. Rg4 Kh6 54. Ke2 Kxh5 55. Rf4 1-0

[Event "Skanska Open"]
[Site "Pardubice"]
[Date "2004.07.31"]
[Round "9"]
[White "Kalod, Radek"]
[Black "Stocek, Jiri"]
[Result "1-0"]
[WhiteElo "2461"]
[BlackElo "2557"]
[PlyCount "79"]
[EventDate "2004.07.23"]
[Source "Roberto Alvarez"]
[SourceDate "2004.08.10"]

1. e4 e5 2. Nf3 Nc6 3. Bb5 a6 4. Ba4 d6 5. O-O Bg4 6. h3 Bh5 7. c3 Nf6 8. Re1 Be7 9. d3 O-O 10. Nbd2 Nd7 11. Nf1 Nc5 12. Bxc6 bxc6 13. Ng3 Bg6 14. d4 exd4 15. cxd4 Nd7 16. Qc2 c5 17. Be3 cxd4 18. Nxd4 Bf6 19. Rac1 Re8 20. Nc6 Qc8 21. f4 Bh4 22. Bf2 Bxg3 23. Bxg3 f6 24. b4 Qb7 25. a3 Kh8 26. Kh2 Rac8 27. Bf2 Nb6 28. Bd4 Bf7 29. Qc3 Kg8 30. Qg3 Nd7 31. e5 dxe5 32. fxe5 fxe5 33. Nxe5 Nxe5 34. Rxe5 g6 35. Rxe8+ Rxe8 36. Rxc7 Qe4 37. Qf2 Qe6 38. Qf4 h5 39. Bc3 Rd8 40. Ra7 1-0

[Event "BL2-W 9293"]
[Site "GER"]
[Date "1993.??.??"]
[Round "?"]
[White "Watson, William N"]
[Black "Zude, Arno"]
[Result "1/2-1/2"]
[WhiteElo "2550"]
[BlackElo "2465"]
[PlyCount "49"]
[EventDate "1992.10.??"]
[Source "www.chesslib.no"]
[SourceDate "2004.05.04"]

1. e4 e5 2. Nf3 Nc6 3. Bb5 a6 4. Ba4 d6 5. O-O Bd7 6. d4 b5 7. Bb3 exd4 8. c3 d3 9. Qxd3 Nf6 10. Bg5 Be7 11. a4 Rb8 12. Nbd2 O-O 13. Bc2 Ne5 14. Nxe5 dxe5 15. Nf3 h6 16. Bh4 Bc6 17. Qxd8 Bxd8 18. axb5 axb5 19. Nxe5 Bxe4 20. Bxe4 Nxe4 21. Bg3 Re8 22. Nd7 Rc8 23. Rfe1 Re7 24. Rad1 Nxg3 25. hxg3 1/2-1/2

[Event "Reykjavik"]
[Site "?"]
[Date "1984.??.??"]
[Round "?"]
[White "De Firmian, N."]
[Black "Arnason, J."]
[Result "0-1"]
[WhiteElo "2515"]
[BlackElo "2500"]
[PlyCount "70"]
[EventDate "1984.??.??"]
[Source "www.chesslib.no"]
[SourceDate "2004.05.04"]

1. e4 e5 2. Nf3 Nc6 3. Bb5 a6 4. Ba4 d6 5. O-O Bd7 6. d4 b5 7. Bb3 Nxd4 8. Nxd4 exd4 9. c3 dxc3 10. Qh5 Qe7 11. Nxc3 Nf6 12. Qf3 Qd8 13. Qg3 Nh5 14. Qd3 g6 15. e5 Bg7 16. Ne4 O-O 17. Bg5 Qe8 18. exd6 Bf5 19. Rfe1 cxd6 20. g4 Bxg4 21. Nxd6 Qd7 22. Be7 Bxb2 23. Bxf7+ Kg7 24. Bxf8+ Rxf8 25. Be8 Qa7 26. Qd2 Bxa1 27. Rxa1 Nf4 28. Bc6 Ne2+ 29. Kh1 Qxf2 30. Qb2+ Kh6 31. Qd2+ g5 32. Qd3 Bf3+ 33. Bxf3 Qxf3+ 34. Qxf3 Rxf3 35. Re1 Nf4 0-1

[Event "Asean GM 2nd"]
[Site "Bangkok"]
[Date "2004.07.28"]
[Round "9"]
[White "Yu Shaoteng"]
[Black "Zaw, Win Lay"]
[Result "1-0"]
[WhiteElo "2476"]
[BlackElo "2532"]
[PlyCount "43"]
[EventDate "2004.07.22"]
[SourceDate "2004.08.05"]

1. e4 e5 2. Nf3 Nc6 3. Bb5 a6 4. Ba4 d6 5. O-O Bg4 6. h3 h5 7. c3 b5 8. Bb3 Qf6 9. d3 Bxf3 10. Qxf3 Qxf3 11. gxf3 g6 12. f4 Bh6 13. fxe5 Bxc1 14. Rxc1 dxe5 15. a4 Rb8 16. axb5 axb5 17. Nd2 Nge7 18. Nf3 O-O 19. d4 exd4 20. cxd4 Ra8 21. Rxa8 Rxa8 22. d5 1-0

[Event "Manchester, NH"]
[Site "?"]
[Date "1999.02.27"]
[Round "3"]
[White "Ivanov Alexander"]
[Black "Curdo John"]
[Result "1-0"]
[WhiteElo "2589"]
[BlackElo "2412"]
[PlyCount "57"]
[EventDate "1999.??.??"]
[Source "www.chesslib.no"]
[SourceDate "2004.05.04"]

1. e4 e5 2. Nf3 Nc6 3. Bb5 a6 4. Ba4 d6 5. O-O Bg4 6. h3 Bh5 7. c3 Nf6 8. d4 b5 9. d5 bxa4 10. Qxa4 Bxf3 11. gxf3 Nd7 12. Qxc6 Be7 13. Kh2 O-O 14. Rg1 f5 15. Bh6 Rf7 16. exf5 Kh8 17. Be3 Rxf5 18. Nd2 Rb8 19. b4 Qc8 20. Rg3 Bh4 21. Rg4 Rh5 22. Ne4 Nf6 23. Rag1 Nxe4 24. fxe4 g5 25. Qc4 Qf8 26. Qf1 Qf6 27. Qg2 Rf8 28. f4 Rg8 29. fxg5 1-0

[Event "56th ch-RUS"]
[Site "Krasnoyarsk"]
[Date "2003.09.09"]
[Round "6"]
[White "Aseev, Konstantin N"]
[Black "Yandemirov, Valeri"]
[Result "0-1"]
[WhiteElo "2522"]
[BlackElo "2478"]
[PlyCount "44"]
[EventDate "2003.09.03"]
[Source "Roberto Alvarez"]
[SourceDate "2003.09.15"]

1. e4 e5 2. Nf3 Nc6 3. Bb5 a6 4. Ba4 d6 5. O-O Bg4 6. h3 h5 7. d4 b5 8. Bb3 Nxd4 9. hxg4 Nxb3 10. axb3 hxg4 11. Ng5 Qd7 12. c4 Rb8 13. cxb5 axb5 14. Nc3 f6 15. Ra7 Ne7 16. Nd5 Nxd5 17. exd5 Qf5 18. f3 fxg5 19. fxg4 Qh7 20. Qf3 Qh2+ 21. Kf2 Be7 22. Qe3 O-O+ 0-1

[Event "Skanska Open"]
[Site "Pardubice"]
[Date "2004.07.27"]
[Round "5"]
[White "Sulskis, Sarunas"]
[Black "Khamatgaleev, Alexej"]
[Result "1-0"]
[WhiteElo "2557"]
[BlackElo "2441"]
[PlyCount "79"]
[EventDate "2004.07.23"]
[Source "Roberto Alvarez"]
[SourceDate "2004.08.10"]

1. e4 e5 2. Nf3 Nc6 3. Bb5 a6 4. Ba4 d6 5. O-O Bg4 6. Bxc6+ bxc6 7. d4 Qf6 8. dxe5 dxe5 9. Nbd2 Bd6 10. Nc4 Ne7 11. Qd3 Ng6 12. Bg5 Qe6 13. Nh4 Nxh4 14. Bxh4 f6 15. f3 Bh5 16. Rfd1 Bc5+ 17. Bf2 Bxf2+ 18. Kxf2 O-O 19. Ne3 Rfb8 20. b3 Be8 21. Qc3 g6 22. Rd3 Qe7 23. Rad1 Kf8 24. a4 Rb6 25. g3 Rbb8 26. Qd2 Qc5 27. Kg2 Qe7 28. Ng4 h5 29. Ne3 Kg7 30. h4 Qb4 31. Rd7+ Bxd7 32. Qxd7+ Kh6 33. g4 Rd8 34. g5+ fxg5 35. Nf5+ gxf5 36. hxg5+ Kg6 37. Qxf5+ Kg7 38. Qf6+ Kh7 39. Qf7+ Kh8 40. g6 1-0

[Event "Castellaneta op 3rd"]
[Site "Castellaneta"]
[Date "1999.08.29"]
[Round "2"]
[White "Iordachescu, Viorel"]
[Black "Efimov, Igor"]
[Result "0-1"]
[WhiteElo "2553"]
[BlackElo "2445"]
[PlyCount "78"]
[EventDate "1999.08.29"]
[Source "www.chesslib.no"]
[SourceDate "2004.05.04"]

1. e4 e5 2. Nf3 Nc6 3. Bb5 a6 4. Ba4 d6 5. O-O g6 6. d4 exd4 7. Qxd4 f6 8. Qd3 Bd7 9. Nc3 Ne5 10. Nxe5 dxe5 11. Bb3 Bc6 12. Qh3 Bd7 13. Qh4 h5 14. Qg3 Ne7 15. Nd5 Nxd5 16. Qxg6+ Ke7 17. exd5 Qe8 18. Qd3 Kd8 19. f4 e4 20. Qd4 f5 21. Be3 Rh6 22. c4 b6 23. Qc3 Bc5 24. Bc2 Qf8 25. Bxc5 bxc5 26. a3 Rb8 27. Rab1 Rg6 28. b4 Rgb6 29. Qe3 cxb4 30. c5 Rb5 31. axb4 Rxb4 32. Rxb4 Rxb4 33. Bb3 Bb5 34. Rc1 Qf6 35. Bd1 h4 36. Kh1 Qd4 37. Qh3 Qf2 38. Be2 Bxe2 39. Qxf5 Qxc5 0-1

[Event "Hastings8788"]
[Site "Hastings ENG"]
[Date "1987.??.??"]
[Round "7"]
[White "Davies, Nigel R"]
[Black "Psakhis, Lev B"]
[Result "1/2-1/2"]
[WhiteElo "2420"]
[BlackElo "2575"]
[PlyCount "23"]
[EventDate "1987.12.??"]
[Source "www.chesslib.no"]
[SourceDate "2004.05.04"]

1. e4 e5 2. Nf3 Nc6 3. Bb5 a6 4. Ba4 d6 5. O-O Bd7 6. d4 b5 7. Bb3 Nxd4 8. Nxd4 exd4 9. c3 dxc3 10. Qd5 Be6 11. Qc6+ Bd7 12. Qd5 1/2-1/2

[Event "Volgograd"]
[Site "Volgograd"]
[Date "1994.??.??"]
[Round "11"]
[White "Saltaev, Mihail"]
[Black "Yandemirov, Valeri"]
[Result "1/2-1/2"]
[WhiteElo "2480"]
[BlackElo "2510"]
[PlyCount "27"]
[EventDate "1994.??.??"]
[Source "ChessBase"]

1. e4 e5 2. Nf3 Nc6 3. Bb5 a6 4. Ba4 d6 5. O-O Bg4 6. h3 h5 7. c3 Qf6 8. d3 Bxf3 9. Qxf3 Qxf3 10. gxf3 f5 11. f4 exf4 12. Bxf4 fxe4 13. Re1 O-O-O 14. Rxe4 1/2-1/2

[Event "Zadar op"]
[Site "Zadar"]
[Date "1996.??.??"]
[Round "?"]
[White "Palac, Mladen"]
[Black "Sale, Srdjan"]
[Result "1-0"]
[WhiteElo "2545"]
[BlackElo "2440"]
[PlyCount "39"]
[EventDate "1996.??.??"]
[Source "www.chesslib.no"]
[SourceDate "2004.05.04"]

1. e4 e5 2. Nf3 Nc6 3. Bb5 a6 4. Ba4 d6 5. O-O Bg4 6. h3 h5 7. d4 b5 8. Bb3 Nxd4 9. hxg4 hxg4 10. Ng5 Nh6 11. c3 Ne6 12. Qd5 Nxg5 13. Bxg5 Qxg5 14. Qxa8+ Ke7 15. Qc8 Rh7 16. Qxc7+ Ke8 17. Qc8+ Ke7 18. Qc7+ Ke8 19. Rd1 f6 20. Be6 1-0